Guía de buenas prácticas: para conciliar la vida familiar y personal

La siguiente guía es uno de los resultados del proyecto "Buenas Prácticas para conciliar la vida familiar y profesional", desarrollado en el marco del IV Programa de Acción Comunitaria para la Igualdad de Oportunidades entre Hombres y Mujeres. Lo anterior debido a que la conciliación de la...

詳細記述

保存先:
書誌詳細
団体著者: Mancomunidad Tajosalor
フォーマット: テキスト
出版事項: Madrid: Mancomunidad Tajosalor
主題:
タグ: タグ追加
タグなし, このレコードへの初めてのタグを付けませんか!

MARC

LEADER 00000 a a2200000 04500
001 37089
003
040
090 |a 1004 G943g  
110 |a Mancomunidad Tajosalor  
245 |a Guía de buenas prácticas: para conciliar la vida familiar y personal  
260 |a Madrid:   |b Mancomunidad Tajosalor  
300 |a 223 p.  
520 |a La siguiente guía es uno de los resultados del proyecto "Buenas Prácticas para conciliar la vida familiar y profesional", desarrollado en el marco del IV Programa de Acción Comunitaria para la Igualdad de Oportunidades entre Hombres y Mujeres. Lo anterior debido a que la conciliación de la vida familiar y laboral representa, o al menos debería representar una seria preocupación tanto para mujeres como para los hombres  
650 |a LEGISLACION  
650 |a BIENESTAR DE LA FAMILIA  
650 |a TRABAJADORES PROFESIONALES  
650 |a EMPLEO  
999 |c 14771  |d 14771